000 00272nam a22001217a 4500
003 SGT
082 _a616.024
_bG99R
100 _aRIDLEY,MATT
245 _aGENOME THE AUTOBIOGRAPHY OF A SPECIES
260 _aLONDON
_bFOURTH ESTATE
_c1999
300 _a344
942 _2ddc
_cBK
999 _c14191
_d14191